Review of rehabilitation costs (Record no. 107054)

MARC details
000 -LEADER
fixed length control field 00955cam a22002295a 4500
001 - CONTROL NUMBER
control field L138197
008 - FIXED-LENGTH DATA ELEMENTS--GENERAL INFORMATION
fixed length control field 070521s2007 xxk f 000 0 eng d
020 ## - INTERNATIONAL STANDARD BOOK NUMBER
International Standard Book Number 9781904829546
035 ## - SYSTEM CONTROL NUMBER
System control number (Sirsi) u138197
041 0# - LANGUAGE CODE
Language code of text/sound track or separate title eng
050 04 - LIBRARY OF CONGRESS CALL NUMBER
Classification number 690.24 $2 18
110 2# - MAIN ENTRY--CORPORATE NAME
Corporate name or jurisdiction name as entry element Building Maintenance Information
9 (RLIN) 3229
245 00 - TITLE STATEMENT
Title Review of rehabilitation costs
260 ## - PUBLICATION, DISTRIBUTION, ETC.
Place of publication, distribution, etc. London
Name of publisher, distributor, etc. BCIS
Date of publication, distribution, etc. 2007
300 ## - PHYSICAL DESCRIPTION
Extent 13p.
Dimensions 30cm.
490 #0 - SERIES STATEMENT
Series statement BMI Special Report
Volume/sequential designation 359
520 ## - SUMMARY, ETC.
Summary, etc. Provides information on the average amount spent on the rehabilitation of existing buildings. The study is based on the analysis of contracts for nearly 2 700 building projects. All costs have been converted to the third quarter 2006 levels using the BCIS Tender Price Index and to average UK pricing using the BCIS location factors.
590 ## - LOCAL NOTE (RLIN)
Local note KA
651 #4 - SUBJECT ADDED ENTRY--GEOGRAPHIC NAME
Geographic name UNITED KINGDOM
690 ## - LOCAL SUBJECT ADDED ENTRY--TOPICAL TERM (OCLC, RLIN)
Topical term or geographic name as entry element BUILT ENVIRONMENT-BUILDING MAINTENANCE AND REFURBISHMENT-MAINTENANCE COSTS
942 ## - ADDED ENTRY ELEMENTS (KOHA)
Suppress in OPAC 0
Holdings
Withdrawn status Lost status Source of classification or shelving scheme Damaged status Not for loan Home library Current library Shelving location Date acquired Total Checkouts Full call number Barcode Date last seen Copy number Price effective from Koha item type
    Dewey Decimal Classification     London London BCIS/BMI publications 21/05/2007   ENQUIRY DESK 30072245 06/08/2019 1 06/08/2019 Reference material